000
00334nam a2200133Ia 4500
008
190723s9999 xx 000 0 und d
020
_a
978-93-325-8482-2
100
_a
Dessler Gary
245
0
_a
Fundamantals of Human Resource Management
250
_a
4th
260
_a
uttar Pardesh
_b
Pearson
_c
2018
300
_a
558.p
942
_c
BK
999
_c
1932
_d
1932